Name all the pieces in Suzuki book 1 Viola - Statistics

General Stats
  • This quiz has been taken 19 times
  • The average score is 11 of 19
Answer Stats
Hint Composer/edit Answer % Correct
9 S. Suzuki Allegro
83%
19 F.J. Gossec Gavotte
78%
11 S.Suzuki Allegretto
72%
18 R Schumann Happy Farmer
67%
12 S.Suzuki Andantino
61%
8 S. Suzuki Long,Long ago
61%
14 S.Suzuki Etude
56%
3 Lightly Row
56%
7 May Song
56%
15 J.S. Bach Minuet No.1
56%
16 J.S. Bach Minuet No.2
56%
17 J.S. Bach Minuet No.3
56%
6 O, Come Little Children
56%
4 Song of the Wind
56%
2 French Folk Song
50%
5 Go tell Aunt Rhody
50%
10 S.Suzuki Perpetual Motion
50%
13 Bohemian Folk Song
22%
1 S.Suzuki Twinkle, Twinkle Little Star Variations
22%
No matching quizzes found
Score Distribution
Percent of People with Each Score
Percentile by Number Answered
Your Score History
You have not taken this quiz